[Event "UT Dallas GM Invitational"]
[Site "Richardson USA"]
[Date "2011.03.12"]
[Round "1"]
[White "Becerra Rivero, J."]
[Black "Sadorra, J."]
[Result "1/2-1/2"]
[WhiteElo "2549"]
[BlackElo "2475"]
[PlyCount "130"]
[EventDate "2011.03.12"]
[Source "Mark Crowther"]
[SourceDate "2011.03.14"]
[WhiteTeam "GM Team"]
[BlackTeam "UT Dallas Team"]

1. e4 e6 2. d4 d5 3. Nc3 Bb4 4. exd5 exd5 5. Bd3 Nf6 6. Nge2 O-O 7. h3 Nbd7 8.
O-O Re8 9. Ng3 Nf8 10. Qf3 Ne6 11. Nh5 Nxh5 12. Qxh5 g6 13. Qxd5 c6 14. Qxd8
Rxd8 15. Be3 Nxd4 16. Bg5 Rf8 17. Ne4 f5 18. Nd2 Kg7 19. Bf4 Be7 20. Rfe1 Bf6
21. Bd6 Rh8 22. Rad1 Bd7 23. c3 Ne6 24. Nc4 Rae8 25. Bc2 Nd8 26. Be5 Re7 27.
Bb8 Rxe1+ 28. Rxe1 a6 29. Bb3 Nf7 30. Bc7 Re8 31. Rd1 Be6 32. Bb6 Bd5 33. Kf1
f4 34. Na5 Bxb3 35. axb3 Re7 36. b4 g5 37. Bc5 Rc7 38. Bb6 Re7 39. Bc5 Rc7 40.
Ke2 Kg6 41. Nc4 h5 42. Kf3 Kf5 43. g4+ fxg3 44. Ne3+ Ke6 45. fxg3 Rd7 46. Rxd7
Ne5+ 47. Ke4 Nxd7 48. Nc4 a5 49. Bd4 axb4 50. cxb4 Be7 51. Na5 Nf6+ 52. Bxf6
Bxf6 53. b3 Bc3 54. Nxb7 Bxb4 55. Nd8+ Kd7 56. Nf7 g4 57. Ne5+ Kd6 58. hxg4
hxg4 59. Nd3 Bc3 60. Kf4 Kd5 61. Kf5 Kd4 62. Ne5 c5 63. Nd7 Be1 64. Kxg4 c4 65.
bxc4 Kxc4 1/2-1/2

[Event "UT Dallas GM Invitational"]
[Site "Richardson USA"]
[Date "2011.03.12"]
[Round "1"]
[White "Wang Puchen"]
[Black "Bojkov, D."]
[Result "1/2-1/2"]
[WhiteElo "2464"]
[BlackElo "2523"]
[PlyCount "96"]
[EventDate "2011.03.12"]
[Source "Mark Crowther"]
[SourceDate "2011.03.14"]
[WhiteTeam "UT Dallas Team"]
[BlackTeam "GM Team"]

1. e4 e5 2. Nf3 Nc6 3. d4 exd4 4. Nxd4 Nf6 5. Nxc6 bxc6 6. e5 Qe7 7. Qe2 Nd5 8.
c4 Nb6 9. Nc3 Qe6 10. Qe4 g6 11. Bd2 Bg7 12. c5 Nd5 13. Bc4 Qxe5 14. Qxe5+ Bxe5
15. O-O-O O-O 16. Bxd5 cxd5 17. Nxd5 Bb7 18. Ba5 Rfe8 19. Rhe1 c6 20. Ne3 Bf4
21. Kc2 Bxe3 22. Rxe3 Rxe3 23. fxe3 Bc8 24. g4 h6 25. Bc7 d5 26. cxd6 Bd7 27.
Rd4 f6 28. Re4 Re8 29. Rxe8+ Bxe8 30. Kc3 Kf7 31. Bb8 Ke6 32. Kd4 Kd7 33. e4
Bf7 34. b3 a6 35. Kc5 g5 36. Kb6 Bg6 37. Kxa6 Bxe4 38. Kb6 Bf3 39. a4 Bxg4 40.
Kc5 Be2 41. b4 h5 42. Kd4 h4 43. Ke3 Bc4 44. Kf2 g4 45. Ba7 Kxd6 46. a5 f5 47.
Be3 Kd5 48. Bg5 h3 1/2-1/2

[Event "UT Dallas GM Invitational"]
[Site "Richardson USA"]
[Date "2011.03.12"]
[Round "1"]
[White "Iotov, V."]
[Black "Chirila, I."]
[Result "1-0"]
[WhiteElo "2574"]
[BlackElo "2513"]
[PlyCount "55"]
[EventDate "2011.03.12"]
[Source "Mark Crowther"]
[SourceDate "2011.03.14"]
[WhiteTeam "GM Team"]
[BlackTeam "UT Dallas Team"]

1. d4 Nf6 2. c4 c5 3. d5 d6 4. Nc3 g6 5. e4 Bg7 6. Bd3 O-O 7. h3 e6 8. Bg5 exd5
9. cxd5 a6 10. a4 h6 11. Be3 Re8 12. Nf3 Qc7 13. O-O Nbd7 14. Qd2 c4 15. Bc2
Kh7 16. Rfe1 b6 17. Re2 Bb7 18. g4 Re7 19. g5 hxg5 20. Nxg5+ Kg8 21. f4 Nf8 22.
Rg2 Ree8 23. Rf1 N8h7 24. Nf3 Nd7 25. h4 Ndf8 26. Qf2 Bc8 27. Bxb6 Qb7 28. f5
1-0

[Event "UT Dallas GM Invitational"]
[Site "Richardson USA"]
[Date "2011.03.13"]
[Round "2"]
[White "Bojkov, D."]
[Black "Ramirez, Alej"]
[Result "1/2-1/2"]
[WhiteElo "2523"]
[BlackElo "2594"]
[PlyCount "113"]
[EventDate "2011.03.12"]
[Source "Mark Crowther"]
[SourceDate "2011.03.14"]
[WhiteTeam "GM Team"]
[BlackTeam "UT Dallas Team"]

1. e4 Nf6 2. e5 Nd5 3. d4 d6 4. Nf3 dxe5 5. Nxe5 c6 6. Be2 Nd7 7. c4 Nc7 8. Nf3
g6 9. O-O Bg7 10. Nc3 O-O 11. Re1 Nf6 12. h3 Nce8 13. Bf4 Nd6 14. Bf1 h6 15.
Qd2 g5 16. Be5 Bf5 17. Qe3 Bh7 18. Rad1 Nf5 19. Qc1 e6 20. Bd3 Ne7 21. Bxh7+
Kxh7 22. h4 g4 23. Nh2 g3 24. fxg3 Ng6 25. Qc2 Kg8 26. Qf2 Qe7 27. Ne4 Nxe4 28.
Rxe4 f6 29. Bf4 e5 30. Bc1 f5 31. Ree1 e4 32. h5 Nh8 33. g4 Qd7 34. gxf5 Rxf5
35. Qg3 Re8 36. Qg4 Nf7 37. Rxe4 Rxe4 38. Qxe4 Rxh5 39. Nf3 Ne5 40. d5 cxd5 41.
Qxd5+ Qxd5 42. cxd5 Nxf3+ 43. gxf3 Kf7 44. d6 Ke8 45. d7+ Kd8 46. Bf4 Bf6 47.
Kg2 Rb5 48. b3 h5 49. Rd3 Rf5 50. Bg3 Be7 51. Kh3 Rc5 52. a4 Rc1 53. Bf4 Rc6
54. Be5 Bf6 55. f4 Bxe5 56. fxe5 Re6 57. Rd5 1/2-1/2

[Event "UT Dallas GM Invitational"]
[Site "Richardson USA"]
[Date "2011.03.13"]
[Round "3"]
[White "Bercys, S."]
[Black "Robson, R."]
[Result "1-0"]
[WhiteElo "2469"]
[BlackElo "2522"]
[PlyCount "79"]
[EventDate "2011.03.12"]
[Source "Mark Crowther"]
[SourceDate "2011.03.14"]
[WhiteTeam "UT Dallas Team"]
[BlackTeam "GM Team"]

1. d4 d5 2. c4 e6 3. Nf3 Nf6 4. Nc3 c6 5. g3 dxc4 6. Bg2 Nbd7 7. O-O Be7 8. a4
O-O 9. Nd2 e5 10. Nxc4 exd4 11. Qxd4 Nc5 12. Qf4 Ne6 13. Qe5 Ng4 14. Qe4 Nf6
15. Qe5 Ng4 16. Qe4 f5 17. Qb1 f4 18. h3 Nh6 19. Rd1 Qc7 20. g4 Nf7 21. b4 Nfg5
22. Rd3 Bd7 23. Qb3 Rad8 24. h4 f3 25. Bxg5 Bxg5 26. Bxf3 Bxh4 27. Rad1 Kh8 28.
Nd6 Ng5 29. Nce4 Be6 30. Qc2 Nh3+ 31. Kf1 h6 32. Qc5 Qb8 33. Qh5 Nf4 34. Qxh4
Nxd3 35. Rxd3 Bd5 36. Nf5 Qf4 37. Qe7 Rg8 38. Ned6 Bxf3 39. Rxf3 Qh2 40. e4 1-0

[Event "UT Dallas GM Invitational"]
[Site "Richardson USA"]
[Date "2011.03.13"]
[Round "3"]
[White "Wang Puchen"]
[Black "Iotov, V."]
[Result "1/2-1/2"]
[WhiteElo "2464"]
[BlackElo "2574"]
[PlyCount "34"]
[EventDate "2011.03.12"]
[Source "Mark Crowther"]
[SourceDate "2011.03.14"]
[WhiteTeam "UT Dallas Team"]
[BlackTeam "GM Team"]

1. e4 c6 2. d4 d5 3. e5 c5 4. Nf3 Bg4 5. Be2 Nc6 6. c3 e6 7. O-O Nh6 8. Bxh6
gxh6 9. Nbd2 Qb6 10. Qb3 Be7 11. Rfe1 cxd4 12. Nxd4 Qxb3 13. N2xb3 Nxe5 14. f3
Bh5 15. g4 Rg8 16. Kf1 Bg6 17. f4 Nd3 1/2-1/2

[Event "UT Dallas GM Invitational"]
[Site "Richardson USA"]
[Date "2011.03.14"]
[Round "4"]
[White "Zivanic, M."]
[Black "Iotov, V."]
[Result "0-1"]
[WhiteElo "2497"]
[BlackElo "2574"]
[PlyCount "50"]
[EventDate "2011.03.12"]
[WhiteTeam "UT Dallas Team"]
[BlackTeam "GM Team"]

1. d4 Nf6 2. c4 g6 3. Nc3 d5 4. Nf3 Bg7 5. Bg5 Ne4 6. cxd5 Nxg5 7. Nxg5 e6 8.
Qd2 h6 9. Nf3 exd5 10. e3 a5 11. Bd3 O-O 12. O-O Qd6 13. Rac1 c6 14. e4 dxe4
15. Nxe4 Qb4 16. Qf4 Bf5 17. Ne5 Qe7 18. Rfe1 Nd7 19. Nc5 Bxe5 20. dxe5 Nxc5
21. Bxf5 gxf5 22. Rc3 Rfd8 23. e6 Qxe6 24. Qc1 Ne4 25. f3 Nxc3 0-1

[Event "UT Dallas GM Invitational"]
[Site "Richardson USA"]
[Date "2011.03.14"]
[Round "4"]
[White "Panchanathan, M."]
[Black "Sadorra, J."]
[Result "0-1"]
[WhiteElo "2542"]
[BlackElo "2475"]
[PlyCount "52"]
[EventDate "2011.03.12"]
[WhiteTeam "GM Team"]
[BlackTeam "UT Dallas Team"]

1. c4 e6 2. Nf3 Nf6 3. g3 a6 4. Bg2 b5 5. b3 c5 6. O-O Bb7 7. Nc3 Qb6 8. cxb5
axb5 9. d4 Qa5 10. Qd3 b4 11. Na4 Be4 12. Qe3 c4 13. Nc5 Bxc5 14. dxc5 c3 15.
g4 h6 16. g5 hxg5 17. Qxg5 Kf8 18. Bf4 Nc6 19. Qg3 Kg8 20. Bd6 Rh6 21. Kh1 Rg6
22. Ng5 Nd4 23. f3 Bc6 24. e4 Nxb3 25. Qf4 Nxa1 26. e5 Qxa2 0-1

[Event "UT Dallas GM Invitational"]
[Site "Richardson USA"]
[Date "2011.03.14"]
[Round "4"]
[White "Robson, R."]
[Black "Ramirez, Alej"]
[Result "1/2-1/2"]
[WhiteElo "2522"]
[BlackElo "2594"]
[PlyCount "49"]
[EventDate "2011.03.12"]
[WhiteTeam "GM Team"]
[BlackTeam "UT Dallas Team"]

1. e4 Nf6 2. e5 Nd5 3. d4 d6 4. Nf3 dxe5 5. Nxe5 c6 6. Be2 Nd7 7. c4 Nxe5 8.
cxd5 Ng6 9. dxc6 bxc6 10. Bf3 Bb7 11. O-O e6 12. Nc3 Be7 13. g3 O-O 14. Be3 Rb8
15. Re1 f5 16. Qe2 f4 17. Bd2 Qxd4 18. Rad1 c5 19. Bxb7 Rxb7 20. Bc1 Qf6 21.
Qxe6+ Qxe6 22. Rxe6 Bf6 23. gxf4 Bxc3 24. bxc3 Nxf4 25. Bxf4 1/2-1/2

[Event "UT Dallas GM Invitational"]
[Site "Richardson USA"]
[Date "2011.03.14"]
[Round "5"]
[White "Wang Puchen"]
[Black "Panchanathan, M."]
[Result "0-1"]
[WhiteElo "2464"]
[BlackElo "2542"]
[PlyCount "80"]
[EventDate "2011.03.12"]
[WhiteTeam "UT Dallas Team"]
[BlackTeam "GM Team"]

1. e4 e5 2. Nf3 Nc6 3. Bb5 a6 4. Ba4 Nf6 5. O-O Be7 6. Re1 b5 7. Bb3 d6 8. c3
O-O 9. h3 Nb8 10. d4 Nbd7 11. Nbd2 Bb7 12. Bc2 Re8 13. a4 Bf8 14. Bd3 c6 15. b3
g6 16. Ba3 Qc7 17. Rc1 Nh5 18. Bf1 Nf4 19. Qc2 Bh6 20. Rcd1 Rac8 21. g3 Ne6 22.
Bg2 a5 23. dxe5 dxe5 24. Nf1 Ndc5 25. Ne3 bxa4 26. bxa4 Ba6 27. Bf1 Bxf1 28.
Kxf1 Bxe3 29. Rxe3 Rb8 30. c4 f6 31. Kg2 Red8 32. Rde1 Qd7 33. Qc3 Nd3 34. Rh1
c5 35. Ne1 Nb4 36. Bc1 Qxa4 37. Rf3 Na2 38. Qa1 Qxc4 39. Rxf6 Rf8 40. Qxe5 Rxf6
0-1

[Event "UT Dallas GM Invitational"]
[Site "Richardson USA"]
[Date "2011.03.14"]
[Round "5"]
[White "Sadorra, J."]
[Black "Bojkov, D."]
[Result "1/2-1/2"]
[WhiteElo "2475"]
[BlackElo "2523"]
[PlyCount "144"]
[EventDate "2011.03.12"]
[WhiteTeam "UT Dallas Team"]
[BlackTeam "GM Team"]

1. d4 Nf6 2. c4 g6 3. Nc3 Bg7 4. e4 d6 5. f4 O-O 6. Nf3 c5 7. d5 e6 8. Be2 exd5
9. cxd5 Bg4 10. O-O Nbd7 11. h3 Bxf3 12. Bxf3 Re8 13. g4 h6 14. Qc2 Nh7 15. Bg2
Qa5 16. h4 c4 17. e5 dxe5 18. f5 Qb6+ 19. Kh1 g5 20. hxg5 Nxg5 21. f6 Nxf6 22.
Bxg5 hxg5 23. Qf5 e4 24. Nxe4 Nxe4 25. Bxe4 Qg6 26. Qxg6 fxg6 27. Bxg6 Rf8 28.
Bf5 Bxb2 29. Rab1 c3 30. Rbe1 Rad8 31. Kg2 Kg7 32. Re7+ Rf7 33. Rxf7+ Kxf7 34.
Bc2+ Ke7 35. Bb3 Rc8 36. Rf2 Bc1 37. Kf3 Bd2 38. Bc2 Rc4 39. Re2+ Kd6 40. Re4
Rc7 41. Ra4 b6 42. Ke4 Rf7 43. Rc4 Rf4+ 44. Kd3 Kxd5 45. Rxf4 gxf4 46. Ke2 b5
47. Kf3 Ke5 48. g5 a5 49. Kg4 Be3 50. g6 Kf6 51. Kf3 b4 52. Kg4 a4 53. Bxa4
Kxg6 54. Bc2+ Kf6 55. Bb3 Ke5 56. Bc2 Bc5 57. Kf3 Bd6 58. Bd3 Kd4 59. Bc2 Kc4
60. Ke4 Kc5 61. Bb3 Kc6 62. Kf3 Kd7 63. Kg4 Ke7 64. Kf3 Kf6 65. Kg4 Ke5 66. Bc2
b3 67. axb3 Kd4 68. Kf3 Kc5 69. Ke4 Kb4 70. Kd3 Be5 71. Bd1 Kc5 72. Bf3 Kb4
1/2-1/2

[Event "UT Dallas GM Invitational"]
[Site "Richardson USA"]
[Date "2011.03.14"]
[Round "5"]
[White "Chirila, I."]
[Black "Robson, R."]
[Result "1-0"]
[WhiteElo "2513"]
[BlackElo "2522"]
[PlyCount "79"]
[EventDate "2011.03.12"]
[WhiteTeam "UT Dallas Team"]
[BlackTeam "GM Team"]

1. e4 c5 2. Nf3 d6 3. d4 cxd4 4. Nxd4 Nf6 5. Nc3 e6 6. g3 Nc6 7. Bg2 Bd7 8. O-O
Be7 9. Nb3 a6 10. a4 Rc8 11. f4 O-O 12. g4 e5 13. f5 h6 14. Be3 Nb4 15. Rf2 Rc4
16. Nd2 Rc8 17. Nf1 Rc4 18. a5 d5 19. Bb6 Qc8 20. Ne3 d4 21. Nxc4 Qxc4 22. Nb1
Rc8 23. Na3 Qc6 24. Qf3 Be8 25. b3 Nd7 26. Nc4 Bg5 27. c3 dxc3 28. Qxc3 Nxb6
29. axb6 Qc5 30. Qxe5 Qxe5 31. Nxe5 Be3 32. Nc4 Rxc4 33. bxc4 Nd3 34. Ra3 Bxf2+
35. Kf1 Nb2 36. Kxf2 Nxc4 37. Rxa6 Bc6 38. Ra8+ Kh7 39. e5 Nxb6 40. Rd8 1-0

[Event "UT Dallas GM Invitational"]
[Site "Richardson USA"]
[Date "2011.03.15"]
[Round "6"]
[White "Robson, R."]
[Black "Wang Puchen"]
[Result "1-0"]
[WhiteElo "2522"]
[BlackElo "2464"]
[PlyCount "69"]
[EventDate "2011.03.12"]
[WhiteTeam "GM Team"]
[BlackTeam "UT Dallas Team"]

1. e4 c6 2. d4 d5 3. Nc3 dxe4 4. Nxe4 Bf5 5. Ng3 Bg6 6. Bc4 e6 7. N1e2 Bd6 8.
h4 Ne7 9. h5 Bf5 10. h6 g6 11. Bg5 Nd7 12. Qd2 Qc7 13. O-O-O b5 14. Nxf5 gxf5
15. Bd3 f6 16. Bf4 Nd5 17. Bxd6 Qxd6 18. Rdg1 O-O-O 19. g4 f4 20. Nc3 Nb4 21.
a3 Nxd3+ 22. Qxd3 Nb6 23. Ne4 Qe7 24. Qc3 Nc4 25. g5 f5 26. Nd2 e5 27. Nxc4
exd4 28. Qf3 bxc4 29. Qxc6+ Qc7 30. Qa8+ Kd7 31. Qd5+ Kc8 32. Qxf5+ Kb8 33. g6
hxg6 34. Rxg6 a6 35. Rxa6 1-0

[Event "UT Dallas GM Invitational"]
[Site "Richardson USA"]
[Date "2011.03.15"]
[Round "6"]
[White "Bojkov, D."]
[Black "Chirila, I."]
[Result "1/2-1/2"]
[WhiteElo "2523"]
[BlackElo "2513"]
[PlyCount "22"]
[EventDate "2011.03.12"]
[WhiteTeam "GM Team"]
[BlackTeam "UT Dallas Team"]

1. e4 e5 2. Nf3 Nc6 3. Bc4 Nf6 4. d3 Bc5 5. c3 a6 6. Bb3 O-O 7. O-O Ba7 8. h3
d6 9. Re1 Be6 10. Bc2 h6 11. Nbd2 d5 1/2-1/2

[Event "UT Dallas GM Invitational"]
[Site "Richardson USA"]
[Date "2011.03.15"]
[Round "7"]
[White "Bercys, S."]
[Black "Panchanathan, M."]
[Result "0-1"]
[WhiteElo "2469"]
[BlackElo "2542"]
[PlyCount "104"]
[EventDate "2011.03.12"]
[WhiteTeam "UT Dallas Team"]
[BlackTeam "GM Team"]

1. d4 Nf6 2. c4 e6 3. Nc3 Bb4 4. Qc2 O-O 5. Nf3 b6 6. e4 Bb7 7. Bd3 d5 8. cxd5
exd5 9. e5 Ne4 10. O-O Bxc3 11. bxc3 c5 12. dxc5 bxc5 13. Rb1 c4 14. Be2 Qc7
15. Nd4 Nd7 16. e6 Ndc5 17. f3 Nd6 18. Ba3 fxe6 19. Nb5 Nxb5 20. Rxb5 Nd7 21.
Bxf8 Rxf8 22. Qd2 Bc6 23. Rb2 e5 24. Re1 Kh8 25. Bf1 Qa5 26. Rb4 h6 27. h3 Re8
28. Qf2 Nb6 29. f4 e4 30. Qd4 Nd7 31. Re3 Kh7 32. Rg3 Re7 33. Be2 Qc7 34. Rg4
Nf6 35. Rh4 Be8 36. Rb1 Qa5 37. Qe3 Qxa2 38. Rd1 Ba4 39. Rd4 Qb1+ 40. Kf2 Rb7
41. Rd2 Qh1 42. Bg4 Rb1 43. Kg3 Qe1+ 44. Qxe1 Rxe1 45. Ra2 Be8 46. Kf2 Rc1 47.
Ra3 Rc2+ 48. Ke3 Rxg2 49. Kd4 Rg3 50. Bf5+ Bg6 51. Be6 e3 52. f5 Bh5 0-1

[Event "UT Dallas GM Invitational"]
[Site "Richardson USA"]
[Date "2011.03.15"]
[Round "7"]
[White "Iotov, V."]
[Black "Sadorra, J."]
[Result "1/2-1/2"]
[WhiteElo "2574"]
[BlackElo "2475"]
[PlyCount "91"]
[EventDate "2011.03.12"]
[WhiteTeam "GM Team"]
[BlackTeam "UT Dallas Team"]

1. d4 Nf6 2. c4 e6 3. Nc3 Bb4 4. e3 b6 5. Bd3 Bb7 6. Nf3 O-O 7. O-O c5 8. Na4
cxd4 9. exd4 Re8 10. a3 Be7 11. b4 d6 12. Bb2 Nbd7 13. Re1 Rc8 14. Nc3 a6 15.
Bf1 Rc7 16. a4 d5 17. c5 a5 18. Nb5 Rc8 19. Ne5 axb4 20. c6 Bxc6 21. Na7 Nxe5
22. dxe5 Ne4 23. Nxc8 Qxc8 24. Bd4 Qc7 25. Rc1 Bc5 26. Bb5 Bxb5 27. axb5 Nc3
28. Bxc3 bxc3 29. Qd3 Rc8 30. Ra1 Bb4 31. Ra4 Ba5 32. h3 h6 33. Rg4 Qe7 34. Rc1
h5 35. Ra4 Qd7 36. g4 Rc5 37. Ra2 Qxb5 38. Rxc3 Qb4 39. Rxc5 bxc5 40. gxh5 c4
41. Qc2 d4 42. Qe4 d3 43. Qa8+ Kh7 44. Qe4+ Kg8 45. Qa8+ Kh7 46. Qe4+ 1/2-1/2

[Event "UT Dallas GM Invitational"]
[Site "Richardson USA"]
[Date "2011.03.15"]
[Round "7"]
[White "Chirila, I."]
[Black "Bojkov, D."]
[Result "1/2-1/2"]
[WhiteElo "2513"]
[BlackElo "2523"]
[PlyCount "43"]
[EventDate "2011.03.12"]
[WhiteTeam "UT Dallas Team"]
[BlackTeam "GM Team"]

1. e4 e5 2. Nf3 Nc6 3. Bb5 a6 4. Ba4 Nf6 5. O-O Be7 6. Re1 b5 7. Bb3 d6 8. c3
O-O 9. h3 Na5 10. Bc2 c5 11. d4 Nd7 12. Nbd2 exd4 13. cxd4 Nc6 14. d5 Nce5 15.
Nxe5 Nxe5 16. f4 Ng6 17. Nf3 Bh4 18. Rf1 Bg3 19. Nh2 Qh4 20. Nf3 Qd8 21. Nh2
Qh4 22. Nf3 1/2-1/2

[Event "UT Dallas GM Invitational"]
[Site "Richardson USA"]
[Date "2011.03.17"]
[Round "8"]
[White "Panchanathan, M."]
[Black "Wang Puchen"]
[Result "1-0"]
[WhiteElo "2542"]
[BlackElo "2464"]
[PlyCount "109"]
[EventDate "2011.03.12"]
[WhiteTeam "GM Team"]
[BlackTeam "UT Dallas Team"]

1. e4 c5 2. Nf3 d6 3. d4 cxd4 4. Nxd4 Nf6 5. Nc3 g6 6. Be3 Bg7 7. f3 Nc6 8. Qd2
O-O 9. O-O-O d5 10. Qe1 e5 11. Nxc6 bxc6 12. exd5 Nxd5 13. Bc4 Be6 14. Ne4 Qc7
15. Bc5 Rfd8 16. g4 h6 17. h4 Rab8 18. Ba3 Qb6 19. Bb3 Nf4 20. Rxd8+ Rxd8 21.
Be7 Re8 22. Bc5 Qa6 23. Kb1 Bd5 24. Be3 Ng2 25. Qf2 Nxe3 26. Qxe3 Rb8 27. g5
Qb6 28. Qxb6 axb6 29. Rd1 hxg5 30. hxg5 Bxe4 31. fxe4 Rb7 32. Rd6 Rc7 33. Rxg6
Kf8 34. Rd6 Ke7 35. Rd1 Rc8 36. Rf1 f6 37. g6 Rh8 38. a4 Rh4 39. Re1 Rf4 40. c3
Rg4 41. Bf7 Rg2 42. Ka2 Rh2 43. Ka3 Bh6 44. Rg1 Kf8 45. Be6 Re2 46. Bf5 Rd2 47.
b4 Kg7 48. Kb3 Rd8 49. Kc4 Be3 50. Rh1 Bh6 51. a5 bxa5 52. bxa5 Ra8 53. Rb1
Rxa5 54. Rb7+ Kf8 55. Rf7+ 1-0

[Event "UT Dallas GM Invitational"]
[Site "Richardson USA"]
[Date "2011.03.17"]
[Round "8"]
[White "Robson, R."]
[Black "Chirila, I."]
[Result "1-0"]
[WhiteElo "2522"]
[BlackElo "2513"]
[PlyCount "63"]
[EventDate "2011.03.12"]
[WhiteTeam "GM Team"]
[BlackTeam "UT Dallas Team"]

1. e4 c5 2. Nf3 d6 3. d4 cxd4 4. Nxd4 Nf6 5. Nc3 a6 6. Bg5 e6 7. f4 Nbd7 8. Qe2
Qc7 9. O-O-O Be7 10. g3 b5 11. Bg2 Bb7 12. e5 dxe5 13. fxe5 Nd5 14. Bxe7 Nxc3
15. bxc3 Kxe7 16. Bxb7 Qxb7 17. Rhf1 g6 18. Qg4 Nc5 19. Nf3 h6 20. Rd4 Rac8 21.
Qf4 Ke8 22. Rfd1 Qc7 23. Qf6 Rg8 24. h4 b4 25. Nd2 Nd7 26. Rxd7 Kxd7 27. Nc4+
Kc6 28. Qf3+ Kb5 29. Nd6+ Ka4 30. Qd3 Qc6 31. cxb4 Kxb4 32. Qb3+ 1-0

[Event "UT Dallas GM Invitational"]
[Site "Richardson USA"]
[Date "2011.03.17"]
[Round "8"]
[White "Ramirez, Alej"]
[Black "Iotov, V."]
[Result "1/2-1/2"]
[WhiteElo "2594"]
[BlackElo "2574"]
[PlyCount "22"]
[EventDate "2011.03.12"]
[WhiteTeam "UT Dallas Team"]
[BlackTeam "GM Team"]

1. e4 c6 2. d4 d5 3. exd5 cxd5 4. c4 Nf6 5. Nc3 Be6 6. Bg5 dxc4 7. Bxf6 exf6 8.
d5 Bf5 9. Bxc4 Bd6 10. Qe2+ Qe7 11. Qxe7+ Kxe7 1/2-1/2

[Event "UT Dallas GM Invitational"]
[Site "Richardson USA"]
[Date "2011.03.17"]
[Round "9"]
[White "Ramirez, Alej"]
[Black "Robson, R."]
[Result "0-1"]
[WhiteElo "2594"]
[BlackElo "2522"]
[PlyCount "70"]
[EventDate "2011.03.12"]
[WhiteTeam "UT Dallas Team"]
[BlackTeam "GM Team"]

1. d4 d5 2. c4 e6 3. Nf3 Nf6 4. g3 dxc4 5. Bg2 Bb4+ 6. Bd2 c5 7. Qc1 O-O 8. O-O
b5 9. a4 bxa4 10. dxc5 Bxc5 11. Ng5 Nd5 12. e4 Nb6 13. e5 h6 14. Bxa8 Nxa8 15.
Ne4 Bd4 16. Bc3 Nc6 17. Qf4 Nxe5 18. Nbd2 Nd3 19. Qb8 Nb6 20. Nd6 Bxc3 21. bxc3
Qd7 22. N6xc4 Nxc4 23. Nxc4 Qd5 24. Ne3 Qf3 25. Rad1 Bb7 26. Qxb7 Qxb7 27. Rxd3
a3 28. Rd2 Rb8 29. Ra1 Qb3 30. c4 Qc3 31. Rdd1 Rb2 32. Rac1 Qf6 33. Rf1 a2 34.
c5 Rxf2 35. Rfd1 Re2 0-1

[Event "UT Dallas GM Invitational"]
[Site "Richardson USA"]
[Date "2011.03.17"]
[Round "9"]
[White "Sadorra, J."]
[Black "Panchanathan, M."]
[Result "1/2-1/2"]
[WhiteElo "2475"]
[BlackElo "2542"]
[PlyCount "88"]
[EventDate "2011.03.12"]
[WhiteTeam "UT Dallas Team"]
[BlackTeam "GM Team"]

1. Nf3 Nf6 2. c4 e6 3. g3 d5 4. b3 c5 5. Bg2 Nc6 6. O-O d4 7. e3 e5 8. exd4
exd4 9. Re1+ Be7 10. d3 O-O 11. Bf4 h6 12. Ne5 Nxe5 13. Bxe5 Bg4 14. Bf3 Bxf3
15. Qxf3 Qa5 16. Re2 Rae8 17. h4 Bd8 18. a3 Re6 19. Bxf6 Rxf6 20. Qd5 Rg6 21.
h5 Rg5 22. Qf3 Qa6 23. Nd2 Ba5 24. b4 Bxb4 25. Ne4 Re5 26. Qf4 Ree8 27. Raa2
Bxa3 28. g4 Qa4 29. Kh2 Qd1 30. Qf3 Bc1 31. Kg2 Re5 32. Nd6 Rg5 33. Nf5 a6 34.
Ra1 b5 35. Ne7+ Kh7 36. cxb5 f5 37. Ng6 Rxg4+ 38. Qxg4 fxg4 39. Nxf8+ Kg8 40.
Raa2 a5 41. Ng6 Kh7 42. Re8 Qf3+ 43. Kg1 Qd1+ 44. Kg2 Qf3+ 1/2-1/2

[Event "UT Dallas GM Invitational"]
[Site "Richardson USA"]
[Date "2011.03.18"]
[Round "10"]
[White "Chirila, I."]
[Black "Panchanathan, M."]
[Result "1-0"]
[WhiteElo "2513"]
[BlackElo "2542"]
[PlyCount "99"]
[EventDate "2011.03.12"]
[WhiteTeam "UT Dallas Team"]
[BlackTeam "GM Team"]

1. e4 e5 2. Nf3 Nc6 3. Bb5 a6 4. Ba4 Nf6 5. O-O Be7 6. Re1 b5 7. Bb3 d6 8. c3
O-O 9. h3 Nb8 10. d4 Nbd7 11. Nbd2 Bb7 12. a4 c5 13. Bc2 Qc7 14. Nf1 Rfc8 15.
d5 c4 16. Ng3 g6 17. Bg5 Nc5 18. Qd2 Qd8 19. Bh6 Kh8 20. Nh2 Rcb8 21. axb5 axb5
22. Be3 Rxa1 23. Rxa1 Ra8 24. Rf1 Ra2 25. Bb1 Ra1 26. f4 Nfd7 27. Nf3 f6 28. h4
Qe8 29. f5 Bc8 30. fxg6 hxg6 31. h5 g5 32. Nf5 Bf8 33. g4 Nb6 34. Bxc5 dxc5 35.
Ne3 Bd7 36. Kg2 Nc8 37. Ng1 Nd6 38. Ne2 Nf7 39. Ng3 Nh6 40. Kh3 Qc8 41. Qe2 Kg7
42. Qf3 Be7 43. d6 Bd8 44. Ngf5+ Nxf5 45. exf5 Qa8 46. Be4 Qa6 47. Rd1 Rxd1 48.
Qxd1 Qa2 49. Qd5 Qxb2 50. h6+ 1-0

[Event "UT Dallas GM Invitational"]
[Site "Richardson USA"]
[Date "2011.03.18"]
[Round "10"]
[White "Iotov, V."]
[Black "Wang Puchen"]
[Result "1-0"]
[WhiteElo "2574"]
[BlackElo "2464"]
[PlyCount "49"]
[EventDate "2011.03.12"]
[WhiteTeam "GM Team"]
[BlackTeam "UT Dallas Team"]

1. d4 Nf6 2. c4 g6 3. Nc3 d5 4. Bg5 Ne4 5. Bh4 Nxc3 6. bxc3 Bg7 7. e3 c5 8.
cxd5 Qxd5 9. Nf3 Nc6 10. Be2 O-O 11. O-O cxd4 12. cxd4 e5 13. dxe5 Qxd1 14.
Rfxd1 Nxe5 15. Nd4 Bd7 16. Rab1 b6 17. h3 Rac8 18. Ba6 Ba4 19. Bxc8 Bxd1 20.
Ba6 Ba4 21. Rc1 Nd7 22. Rc7 Be5 23. Rxa7 Nc5 24. Bb5 Bxb5 25. Nxb5 1-0

[Event "UT Dallas GM Invitational"]
[Site "Richardson USA"]
[Date "2011.03.18"]
[Round "10"]
[White "Robson, R."]
[Black "Bercys, S."]
[Result "1/2-1/2"]
[WhiteElo "2522"]
[BlackElo "2469"]
[PlyCount "82"]
[EventDate "2011.03.12"]
[WhiteTeam "GM Team"]
[BlackTeam "UT Dallas Team"]

1. e4 e6 2. d4 d5 3. Nc3 Bb4 4. e5 c5 5. a3 Bxc3+ 6. bxc3 Ne7 7. Qg4 O-O 8. Bd3
Nbc6 9. Bg5 Qa5 10. Ne2 Ng6 11. O-O Qa4 12. Qg3 c4 13. Bxg6 fxg6 14. Rfc1 Bd7
15. h4 Rf7 16. f3 h6 17. Be3 Ne7 18. Kf2 Raf8 19. Ke1 Nf5 20. Qf2 Be8 21. Kd2
Rc7 22. g4 Ne7 23. Rh1 Qd7 24. Ng3 b5 25. h5 g5 26. f4 a5 27. Rab1 Rb7 28. Ne2
Nc6 29. Qg3 b4 30. axb4 axb4 31. fxg5 bxc3+ 32. Nxc3 Rxb1 33. Rxb1 hxg5 34. Qh3
Nxe5 35. h6 Nf3+ 36. Ke2 Bg6 37. Rf1 Be4 38. hxg7 Qxg7 39. Nxe4 dxe4 40. Rh1
Ra8 41. Qh5 Rb8 1/2-1/2

[Event "UT Dallas GM Invitational"]
[Site "Richardson USA"]
[Date "2011.03.18"]
[Round "10"]
[White "Zivanic, M."]
[Black "Bojkov, D."]
[Result "1/2-1/2"]
[WhiteElo "2497"]
[BlackElo "2523"]
[PlyCount "25"]
[EventDate "2011.03.12"]
[WhiteTeam "UT Dallas Team"]
[BlackTeam "GM Team"]

1. d4 Nf6 2. c4 g6 3. Nc3 Bg7 4. e4 O-O 5. Nf3 c6 6. Be2 d5 7. e5 Ne4 8. O-O
Nxc3 9. bxc3 dxc4 10. Bxc4 c5 11. h3 Nc6 12. Be3 cxd4 13. cxd4 1/2-1/2